New Password B2+/C1 - unit 4 wordlist - Statystyki

Ogólne statystyki
  • Ten quiz został rozwiązany 174 razy
  • Średni wynik to 70 z 164
Statystyki odpowiedzi
en polonais en anglais % Poprawnych
głód hunger
85%
ubóstwo poverty
71%
korupcja corruption
67%
tożsamość narodowa national identity
67%
prawdziwy real
67%
redukować bezrobocie reduce unemployment
65%
kosztem (wydatkiem) czegoś at the expense of sth
63%
tworzyć pełne życia miejsca pracy create vibrant workplaces
63%
wolność osobista personal freedom
63%
różnica dochodów income gap
60%
ułatwiać komunikację improve communication
58%
motywacja motivation
58%
akceptować accept
56%
chwalić się boast
56%
promować nieuczciwą konkurencję encourage unfair competition
56%
wyzbywać się uprzedzeń end prejudice
56%
blaknąć; słabnąć fade
56%
odłożyć słuchawkę; zakończyć rozmowę telefoniczną hang up
56%
preferować; woleć prefer
56%
bogactwa naturalne resources
56%
zwiększać zakres handlu międzynarodowego increase international trade
54%
motywować motivate
54%
zapobiegać prevent
54%
gotowy ready
54%
zamożny wealthy
54%
niszczyć środowisko naturalne destroy the natural environment
52%
nalegać insist
52%
promować porozumienie międzykulturowe promote cultural understanding
52%
szczyt; zjazd summit
52%
tolerować tolerate
52%
wolontariusz; ochotnik volunteer
52%
wniosek; konkluzja conclusion
50%
ofiarować; dawać datek donate
50%
zbiórka pieniędzy fundraiser
50%
inwazja invasion
50%
rzeczywistość reality
50%
opowiedzieć żart tell a joke
50%
anglofon anglophone
48%
bronić defend
48%
wyłaniające się trendy emerging trends
48%
istnieć; egzystować exist
48%
zastosować; implementować implement
48%
miły kind
48%
lewicowy left-wing
48%
sprzeciwiać się czemuś object to sth
48%
naprawdę ciężki really heavy
48%
odpowiedzialny responsible
48%
powiedzieć prawdę tell the truth
48%
zwiększać przepaść między bogatymi i biednymi widen the gap between the rich and the poor
48%
harmonogram konferencji conference schedule
46%
dyskutować discuss
46%
dyskusja discussion
46%
z powodu korupcji due to corruption
46%
dalekosiężne skutki far-reaching implications
46%
doskonalić perfect
46%
preferencja preference
46%
uprzywilejowany privileged
46%
naprawdę super really cool
46%
naprawdę obrzydliwy really gross
46%
zdradzić sekret tell a secret
46%
tolerancja tolerance
46%
Nie masz pojęcia You don't have a clue
46%
obywatelskie nieposłuszeństwo civil disobedience
44%
głęboko niepokojący deeply disturbing
44%
obrona defence
44%
istnienie; egzystencja existence
44%
rosnący wpływ increasing influence
44%
nieuniknione zmiany inevitable changes
44%
akcja zbierania pieniędzy money-raising event
44%
pozwolenie; permisja permission
44%
chodzić na wagary play truant
44%
odpowiedzialność responsibility
44%
pożegnać się say goodbye
44%
przeprosić say sorry
44%
jakby; rodzaj czegoś sort of
44%
skłamać tell a lie
44%
przyswajać o wiele mniej słownictwa acquire far less vocabulary
42%
antyglobalista; aktywista antyglobalistyczny antiglobalisation activist
42%
tożsamość kulturowa cultural identity
42%
wzrost; ekspansja expansion
42%
złapać kogoś; spotkać się z kimś get hold of sb
42%
prawdopodobne konsekwencje likely consequences
42%
wyśmiewać się z kogoś make fun of sb
42%
ruszać do przodu; wracać do normalnego stanu move forward
42%
osobliwość oddity
42%
proszę rozważyć wysłanie please consider sending
42%
możliwy possible
42%
prawdopodobny probable
42%
odmówić modlitwę say a prayer
42%
samostanowienie self-determination
42%
podać godzinę tell the time
42%
napięcie; konflikt tension
42%
nakłaniać; namawiać urge
42%
usługi komunalne utilities
42%
akceptacja acceptance
40%
wzywać do działania call for action
40%
pogorszyć się deteriorate
40%
wymierać; zanikać die out
40%
zmniejszać się; maleć diminish
40%
rozszerzać się; powiększać expand
40%
zmarnować się go to waste
40%
Wchodzę w to! I'm definitely in
40%
znaczący wpływ major impact
40%
możliwość possibility
40%
prawdopodobieństwo; probabilistyka probability
40%
ograniczyć liczbę słów reduce the number of words
40%
polegać na gestach rely on gestures
40%
powiedzieć to samo say the same
40%
mówić o czymś publicznie, otwarcie speak out
40%
oznajmić coś state sth
40%
podchodzić do czegoś z podejrzliwością view sth with suspicion
40%
sieciowa kawiarnia chain coffee shop
38%
chętny eager
38%
podkreślać wagę czegoś emphasise the importance of sth
38%
infrastruktura; urządzenia facilities
38%
radzić sobie get by
38%
uprzejmość kindness
38%
zezwalać permit
38%
wprawiać w zdziwienie; zastanawiać puzzle
38%
powiedzieć, co się myśli say what you think
38%
rozróżnić coś tell the difference
38%
wniskować conclude
37%
gotowość readiness
37%
mówić to, co się myśli speak your mind
37%
wysoce produktywny enormously productive
35%
najeżdżać invade
35%
złożony complex
33%
zapał; chęć eagerness
33%
zapominalski forgetful
33%
kształtować rzeczywistość mould reality
33%
mówić w obcym języku speak a foreign language
33%
wychwalać kogoś speak highly of someone
33%
być z czegoś dumnym; szczycić się czymś take pride in sth
33%
chętny; skłonny willing
33%
przyznawać, wpuszczać admit
31%
dostęp admittance
31%
przewaga konkurencyjna competitive edge
31%
przedsięwzięcie endeavour
31%
być na bieżąco z czymś keep abreast of sth
31%
stwierdzić oczywistość say the obvious
31%
wypowiadać się przeciwko czemuś speak against sth
31%
prawdziwie niezapomniany truly unforgettable
31%
wstęp admission
29%
zgromadzić bring together
29%
poruszać (jakąś kwestię) bring up
29%
złożoność complexity
29%
spowolnienie gospodarcze economic downturn
29%
rzeczywiście przydatny genuinely useful
29%
stanowić dla czegoś zagrożenie pose a threat to sth
29%
wypowiadać się na czyjąś korzyść speak in favour of sth
29%
czysty tidy
29%
chęć willingness
29%
zaciekle; zawzięcie fiercely
27%
prowadzić; wskazywać guide
27%
niezmiernie korzystny highly beneficial
27%
niezwykle satysfakcjonujący immensely rewarding
27%
roztargnienie forgetfulness
25%
robić dobre wrażenie make a good impression
25%
podejmować próbę make an attempt
25%
czystość tidiness
25%
wskazówki guidance
23%
zmienić coś make a difference
23%
uświadamiać komuś make sb aware
21%
spowodować; doprowadzić do bring abt
0%
Nie znaleziono quizów pasujących do podanych kryteriów
Rozkład punktacji
Procent ludzi z każdym wynikiem
Percentyl według liczby udzielonych odpowiedzi
Twoja historia wyników
Nie rozwiązałeś tego quizu